Loneliness the Fear of Love (Record no. 4498)

MARC details
000 -LEADER
fixed length control field 00228nam a22000857a 4500
008 - FIXED-LENGTH DATA ELEMENTS--GENERAL INFORMATION
fixed length control field 161205b xxu||||| |||| 00| 0 eng d
100 ## - MAIN ENTRY--PERSONAL NAME
9 (RLIN) 1789
Personal name Tanner.I.J.
245 ## - TITLE STATEMENT
Title Loneliness the Fear of Love
260 ## - PUBLICATION, DISTRIBUTION, ETC. (IMPRINT)
Place of publication, distribution, etc. Newyork
Name of publisher, distributor, etc. Harper & Row
Date of publication, distribution, etc. 1973
Holdings
Withdrawn status Lost status Source of classification or shelving scheme Damaged status Koha normalized classification for sorting Not for loan Home library Current library Shelving location Date acquired Total Checkouts Full call number Barcode Date last seen Price effective from Koha item type
    Dewey Decimal Classification   150_000000000000000   Good Samaritan School Library Good Samaritan School Library GENERAL 12/05/2016   150 TAN839 12/05/2016 12/05/2016 BOOK

Powered by Koha